000 00531nam a2200169Ia 4500
005 20250508151635.0
008 008 250505s9999 xx 000 0 eng d
037 _aBooks to be hide in OPAC
040 _aFEDL
_beng
_cFEDL
041 _aeng
_2eng
084 _a378.5482, MAD/O
_qFEDL
245 0 _aAlterations in, and additions to, statutes, ordinances, regulations, syllabuses and text-books
245 0 _cUniversity of Madras
300 _a99p.
942 _cHB
_h378.5482, MAD/O
999 _c1331084
_d1331084